| 000 | 00918nam a2200301 i 4500 | ||
|---|---|---|---|
| 003 | DO-SdBNP | ||
| 005 | 20260303133933.0 | ||
| 007 | ta | ||
| 008 | 250217b2003 dr ||||| |||| 00| 0 spa d | ||
| 040 |
_aDO-SdBNP _bspa _cBNPHU _erda |
||
| 049 | _aBNPD | ||
| 082 | 4 |
_aRD867.44 _bP438c 2003 _222 |
|
| 100 | 1 |
_aPérez, Mario Emilio, _d1935- _eautor _4aut. _922183 |
|
| 245 | 1 | 0 |
_aCogiéndolo suave / _cMario Emilio Pérez. |
| 250 | _aprimera edición | ||
| 264 | 4 |
_aSanto Domingo : _bEditora Soto Castillo, _c©2003. |
|
| 300 |
_avolumen ; _c21 cm. |
||
| 336 |
_atexto _btxt _2rdacontent |
||
| 337 |
_asin mediación _bn _2rdamediación |
||
| 338 |
_avolumen _bnc _2rdacarrier |
||
| 590 | _aInventariado, 2024/BT | ||
| 650 | 4 |
_aSátira dominicana _922186 |
|
| 650 | 0 |
_aHumorismo dominicano _9275 |
|
| 650 | 4 |
_aCuentos dominicanos _9176 |
|
| 650 | 4 |
_aLiteratura dominicana. _967 |
|
| 910 | _aBtavárez | ||
| 942 |
_2ddc _cLBS1 |
||
| 999 |
_c58120 _d58120 |
||